000 01153nam a2200277 i 4500
001 67180
003 ES-MaACL
005 20251122063117.0
007 t|
008 040510s1994 sp ||||1| spa d
020 _a84-7820-209-9
080 _a929.6(460.22)
100 0 _aLiñán y Eguizábal, José de,
_cConde de Doña Marina
_972478
245 1 0 _aArmorial de Aragón /
_cpor el Conde de Doña Marina ; edición al cuidado de Guillermo Redondo Veintemillas y Alberto Montaner Frutos.
260 _aZaragoza :
_bInstitución "Fernando el Católico",
_c1994.
300 _aXIV, VI, 63 p. ;
_c16 cm.
490 1 _aPublicación número 1646 de la Institución "Fernando el Católico" de la Excma. Diputación de Zaragoza ;
_v1646
534 _pReprod. de la ed. de:
_c-- Huesca : Tip. de L. Pérez, 1911.
650 1 4 _aHeráldica-
_zAragón.
_913311
700 1 _aRedondo Veintemillas, Guillermo.
_995831
700 1 _aMontaner Frutos, Alberto.
_982381
830 0 0 _aPublicación ... de la Institución Fernando el Católico ;
_9233871
_v1646
852 _aES-MaACL
_j2176-F-8
_bR.123819
942 _2udc
999 _c67180
_d67180